| 000 | 01259nam a22003737a 4500 | ||
|---|---|---|---|
| 003 | CHAP | ||
| 005 | 20220329140649.0 | ||
| 008 | 971013s1983 r 00010 d | ||
| 010 | _a55617 | ||
| 011 | _a56589 | ||
| 035 | _a60742 | ||
| 040 | _cCHAP | ||
| 090 | _aTesis | ||
| 100 | 0 | 0 |
_aSerrano Muñoz, Alejandro. _9105228 |
| 245 | _aSistema de tablas de funciones estadísticas (SITAFUES) | ||
| 260 |
_aChapingo, Méx. : _bEl autor, _c1983 |
||
| 300 | _a92 h. | ||
| 502 | _aTesis (M.C. Esp. en Cómputo Estadístico) -- Colegio de Postgraduados. Centro de Estadística y Cálculo | ||
| 590 |
_aALEPH _b10 _c20130110 _lUCH01 _h1333 |
||
| 590 |
_aBATCH-UPD _b10 _c20130110 _lUCH01 _h0134 |
||
| 590 |
_aBATCH-UPD _b10 _c20130110 _lUCH01 _h1839 |
||
| 590 |
_aBATCH-UPD _b10 _c20130409 _lUCH01 _h2131 |
||
| 590 |
_aBATCH-UPD _b10 _c20130410 _lUCH01 _h1210 |
||
| 590 |
_aBATCH-UPD _b10 _c20130914 _lUCH01 _h1022 |
||
| 590 |
_aCONVERSION _b10 _c20130109 _lUCH01 _h1330 |
||
| 650 | 1 | 4 |
_aComputación. _926122 |
| 650 | 1 | 4 |
_aEstadística _xTablas. _938257 |
| 650 | 1 | 4 |
_aFunciones. _943959 |
| 901 | _aBK | ||
| 942 | _cFOLL | ||
| 949 |
_bBC _cTES _d-130726 _eTS1 _i60742 _si |
||
| 949 |
_bBC _cTES _d-130727 _eTS2 _fc.2 _i60742 _si |
||
| 949 |
_bBC _cTES _d-130728 _eTS2 _fc.3 _i60742 _si |
||
| 999 |
_c55617 _d55617 |
||